| 000 | 00439nam a2200157Ia 4500 | ||
|---|---|---|---|
| 008 | 140529s9999 xx 000 0 und d | ||
| 020 | _a9789712720666 | ||
| 050 |
_aPL 6058.9 _b.Sa43 2009 |
||
| 100 | _aSamar, Edgar Calabia. | ||
| 245 |
_aWalong diwata ng pagkahulog / _cdgar Calabia Samar |
||
| 260 |
_aManila, Philippines : _bAnvil, _cc2009. |
||
| 300 |
_a233 p. ; _c21 cm. |
||
| 521 | _aGE | ||
| 942 |
_kLOC _cBK |
||
| 999 |
_c117790 _d117790 |
||